书目信息 |
| 题名: |
三国演义与经营谋略
|
|
| 作者: | 郭济兴 , 李世俊 著 | |
| 分册: | ||
| 出版信息: | 南宁 广西人民出版社 1988.6 |
|
| 页数: | 392页 | |
| 开本: | 20厘米 | |
| 丛书名: | ||
| 单 册: | ||
| 中图分类: | F092.7 | |
| 科图分类: | ||
| 主题词: | 管理学-《三国演义》--研究 , 企业管理--方法 , 经济思想史 | |
| 电子资源: | ||
| ISBN: | 7-219-00734-5 | |
| 000 | 00881nam0 2200289 45 | |
| 001 | 0189024025 | |
| 005 | 20061102161946.87 | |
| 010 | @a7-219-00734-5@dCNY5.90 | |
| 020 | @aCN@b89024025 | |
| 100 | @a19910905d1988 m y0chiy0120 ea | |
| 101 | 0 | @achi |
| 102 | @aCN@b450000 | |
| 105 | @ac z 000yy | |
| 106 | @ar | |
| 200 | 10 | @a三国演义与经营谋略@Asan guo yan yi yu jing ying mou lue@f郭济兴,李世俊著@Fguo ji xing , li shi junzhu |
| 210 | @a南宁@c广西人民出版社@d1988.6 | |
| 215 | @a392页@d20厘米 | |
| 540 | 1 | @a三国演义 经营 谋略@Asan guo yan yi jing ying mou lue |
| 605 | @a《三国演义》-管理学@x研究 | |
| 606 | @a管理学-《三国演义》@x研究 | |
| 606 | @a企业管理@x方法 | |
| 606 | 0 | @a经济思想史 |
| 690 | @aF092.7@v3 | |
| 701 | 0 | @a郭济兴@Aguo ji xing@4著 |
| 701 | 0 | @a李世俊@Ali shi jun@4著 |
| 801 | 0 | @aCN@bNLC@c20061102 |
| 905 | @f1@b259418@dF092.7@e20 | |
| 三国演义与经营谋略/郭济兴,李世俊著.-南宁:广西人民出版社,1988.6 |
| 392页;20厘米 |
| ISBN 7-219-00734-5:CNY5.90 |
| ● |
| 相关链接 |
|
|
|
|
正题名:三国演义与经营谋略
索取号:F092.7/20
 
预约/预借
| 序号 | 登录号 | 条形码 | 馆藏地/架位号 | 状态 | 备注 |
| 1 | 0259418 | 001586126 | 第一借阅区/ [索取号:F092.7/20] | 在馆 | |
| 2 | 0259419 | 002056303 | 第一样本阅览室/ [索取号:F092.7/20] | 在馆 |